000 00305nam a22001337a 4500
008 170526b xxu||||| |||| 00| 0 eng d
020 _a070451036
041 _aeng
080 _23RD
_a621.3
100 _a25
101 _aIM
245 _aELECTRIC MOTOR CONTROL FUNDAMENTALS
_cMCINTYRE
942 _2udc
_cBK
999 _c14339
_d14339